[Event "Winter Open"]
[Site "Belgrade SCG"]
[Date "2004.01.23"]
[Round "3"]
[White "Nestorovic,De"]
[Black "Petrovic,Pe"]
[Result "1-0"]
[WhiteElo "2401"]
[BlackElo "2124"]

1.d4 Nf6 2.c4 e6 3.Nf3 b6 4.a3 Be7 5.Nc3 d5 6.Bg5 O-O 7.e3 Bb7 8.Bd3 dxc4
9.Bxc4 Nd5 10.Bxe7 Qxe7 11.Bxd5 exd5 12.O-O Nd7 13.b4 c6 14.Qb3 Nf6 15.a4 Rfd8
16.b5 c5 17.a5 c4 18.Qa3 Qc7 19.Ne5 Re8 20.Qb4 Nd7 21.Nf3 Nf6 22.h3 Red8
23.Ne5 h6 24.Ra4 Ne8 25.Rfa1 f6 26.Ng6 Kf7 27.Qb1 Qd7 28.Nf4 Nc7 29.h4 Kg8
30.h5 Rdb8 31.axb6 axb6 32.Ra7 Rxa7 33.Rxa7 Qc8 34.Qg6 Ra8 35.Nfxd5 Rxa7
36.Ne7+ Kf8 37.Nxc8 Bxc8 38.Qg3 Ne8 39.Qb8 Ra3 40.Ne4 Bd7 41.Qxb6 Rb3 42.Qc5+ Kf7
43.Qxc4+ Be6 44.Qc5 Rb1+ 45.Kh2 Bd7 46.b6 Rb5 47.Nd6+ Nxd6 48.Qxd6 Ke8 49.Qc7  1-0

[Event "TCh-AUT 2003-4"]
[Site "Velden AUT"]
[Date "2004.01.24"]
[Round "6"]
[White "Knoll,H"]
[Black "Singer,Ri"]
[Result "1-0"]
[WhiteElo "2393"]
[BlackElo "2269"]

1.d4 Nf6 2.Nf3 e6 3.c4 b6 4.a3 Bb7 5.Nc3 d6 6.d5 Be7 7.e4 O-O 8.Bd3 Nbd7
9.O-O Ne5 10.Nxe5 dxe5 11.f4 Nd7 12.Kh1 Bf6 13.f5 exd5 14.cxd5 a6 15.Qe2 Nc5
16.Bc4 b5 17.Ba2 Qd6 18.Be3 Nd7 19.Rad1 b4 20.axb4 Qxb4 21.g4 h6 22.Rg1 Rfd8
23.g5 hxg5 24.Bxg5 Qd6 25.Be3 Kf8 26.Qf2 Qb4 27.Rg4 a5 28.Rdg1 Ra6 29.Qg2 Rd6
30.Nd1 Ke7 31.Bd2 Qb6 32.Ne3 Ba6 33.Bc4 Ra8 34.b3 a4 35.bxa4 Qd4 36.Bxa6 Raxa6
37.a5 Nc5 38.Nc2 Qa4 39.Bb4 Rxa5 40.Bxa5 Qxa5 41.Ra1 Qc3 42.Qe2 Rb6 43.Rg3 Qb2
44.Qc4 Kd6 45.Rc3 Qb5 46.Qxb5 Rxb5 47.Rc4 Rb2 48.Na3 Bg5 49.Rb1 Rxb1+ 50.Nxb1 c6
51.dxc6 Kxc6 52.Nc3 Be3 53.Kg2 Bd4 54.Kf3 Bxc3 55.Rxc3 Kd6 56.Rc2  1-0

[Event "OSS January It"]
[Site "Oslo NOR"]
[Date "2004.01.30"]
[Round "7"]
[White "Kuljasevic,D"]
[Black "Gabrielsen,T"]
[Result "1-0"]
[WhiteElo "2413"]
[BlackElo "2262"]

1.d4 Nf6 2.Nf3 e6 3.c4 b6 4.a3 Bb7 5.Nc3 d5 6.Bg5 Be7 7.Bxf6 Bxf6 8.cxd5 exd5
9.g3 O-O 10.Bg2 c5 11.O-O Na6 12.e3 Qe7 13.Re1 Rfd8 14.Qa4 Nc7 15.Rad1 Ne6
16.h4 a6 17.Nh2 b5 18.Qa5 c4 19.Ng4 Rd6 20.a4 Bc6 21.Ne5 Nd8 22.axb5 axb5
23.Nxc6 Rxa5 24.Nxe7+ Bxe7 25.Nxd5 Bf8 26.Rb1 Rda6 27.b3 Ne6 28.bxc4 bxc4
29.Rec1 Ra4 30.Nb6 Rb4 31.Rxb4 Bxb4 32.Nxc4 g6 33.Ne5 Bd6 34.Nc6 Ra2 35.Bd5 Rb2
36.Bxe6 fxe6 37.Nd8 e5 38.dxe5 Bxe5 39.Nc6 Bd6 40.Kg2 Kf7 41.Nd4 Be5 42.Nf3 Bb8
43.Rc5 Bd6 44.Ng5+ Ke7 45.Rd5 h6 46.Ne4 Bc7 47.h5 Bb6 48.Kf3  1-0

[Event "TCh-FRA Nat1 GpB"]
[Site "Clichy FRA"]
[Date "2004.01.31"]
[Round "2"]
[White "Relange,E"]
[Black "Vallet,M"]
[Result "1-0"]
[WhiteElo "2505"]
[BlackElo "2226"]

1.d4 Nf6 2.Nf3 e6 3.c4 b6 4.a3 Bb7 5.Nc3 d5 6.cxd5 Nxd5 7.Qc2 Be7 8.e4 Nxc3
9.bxc3 O-O 10.Bd3 c5 11.O-O Qc8 12.Qe2 cxd4 13.cxd4 Ba6 14.Rd1 Bxd3 15.Rxd3 Nd7
16.h4 Rd8 17.Bb2 Qa6 18.Rad1 Rac8 19.R1d2 Rc7 20.Ng5 Bf6 21.Qh5 Nf8 22.e5 g6
23.Qf3 Bxg5 24.hxg5 Rd5 25.Rc3 Rcd7 26.Rc1 Rxe5 27.d5 Rf5 28.Qc3 e5 29.Qe3 Qa4
30.Bxe5 Re7 31.f4 Re8 32.Rd4 Qb5 33.g4 Rfxe5 34.fxe5 Nd7 35.e6 fxe6 36.dxe6 Nc5
37.e7 Qb3 38.Qxb3+ Nxb3 39.Rd8 Kf7 40.Rxe8 Kxe8 41.Rc8+ Kxe7 42.Rc7+  1-0

[Event "9th HIT Open"]
[Site "Nova Gorica SLO"]
[Date "2004.02.01"]
[Round "4"]
[White "Szeberenyi,A"]
[Black "Zorko,Ju"]
[Result "1/2-1/2"]
[WhiteElo "2450"]
[BlackElo "2310"]

1.d4 Nf6 2.Nf3 e6 3.c4 b6 4.a3 Bb7 5.Nc3 d5 6.Bg5 Be7 7.Bxf6 Bxf6 8.cxd5 exd5
9.Qb3 O-O 10.Rd1 c6 11.e3 Qd6 12.Bd3 Nd7 13.O-O Rfe8 14.Rfe1 Rad8 15.e4 dxe4
16.Nxe4 Qf4 17.Nxf6+ Qxf6 18.Be4 Nf8 19.Qa4 a6 20.Ne5 Ng6 21.Bxc6 b5 22.Qc2 Rc8
23.Nxg6 Rxe1+ 24.Rxe1 hxg6 25.d5 Bxc6 26.dxc6  1/2-1/2

[Event "9th HIT Open"]
[Site "Nova Gorica SLO"]
[Date "2004.02.02"]
[Round "5"]
[White "Srebrnic,A"]
[Black "Saric,A"]
[Result "1/2-1/2"]
[WhiteElo "2206"]
[BlackElo "2379"]

1.d4 Nf6 2.c4 e6 3.Nf3 b6 4.a3 Ba6 5.Qc2 Bb7 6.Nc3 c5 7.e4 cxd4 8.Nxd4 Bc5
9.Nb3 Nc6 10.Nxc5 bxc5 11.Nb5 d6 12.Qd3 Ke7 13.Bg5 a6 14.Nc3 h6 15.Bf4 g5
16.Bg3 Nh5 17.Be2 Nxg3 18.hxg3 Qf8 19.Rd1 Rd8 20.O-O Qg7 21.Qe3 h5 22.f4 gxf4
23.gxf4 Rdg8 24.Bf3 Nd4 25.b4 Nc2 26.Qd3 Qd4+ 27.Qxd4 cxd4 28.Rf2 Nxb4 29.Rxd4 Nc6
30.Rd1 Na5 31.Rb1 Rc8 32.Rfb2 Ba8 33.Rb6 Nxc4 34.Rxa6 Nd2 35.Ra7+ Kf6 36.Rc1 Nxf3+
37.gxf3 Rhg8+ 38.Kh2 Rb8 39.Nd1 Rgc8 40.Rxc8 Rxc8 41.Nf2 d5 42.Kg3 Bc6 43.f5 exf5
44.exd5 Bxd5 45.Ra5 Be6 46.Nd3 Rc4 47.Ne5 f4+ 48.Kf2 Rc2+ 49.Kg1 Bf5 50.Nxf7 Rc1+
51.Kf2 h4 52.Nd6 Bd3 53.Ne4+ Bxe4 54.fxe4 Kg6 55.Kg2 Rc3 56.Rf5 Rg3+ 57.Kf2 Rxa3
58.Rxf4 h3  1/2-1/2

[Event "9th HIT Open"]
[Site "Nova Gorica SLO"]
[Date "2004.02.03"]
[Round "7"]
[White "Delchev,A"]
[Black "Jaracz,P"]
[Result "1/2-1/2"]
[WhiteElo "2624"]
[BlackElo "2540"]

1.d4 Nf6 2.Nf3 e6 3.c4 b6 4.a3 Ba6 5.Qc2 Bb7 6.Nc3 c5 7.e4 cxd4 8.Nxd4 Bc5
9.Nb3 Nc6 10.Bf4 O-O 11.Nxc5 bxc5 12.Bd6 Nd4 13.Qd3 Re8 14.b4 e5 15.Rb1 cxb4
16.axb4 Re6 17.c5 Rc8 18.f3 Ne8 19.Bxe5 Nxf3+ 20.Qxf3 Rxe5 21.Bd3 Qh4+  1/2-1/2

[Event "AS04 Centenary"]
[Site "Copenhagen DEN"]
[Date "2004.02.09"]
[Round "3"]
[White "Kongsted,C"]
[Black "Pogorelov,R"]
[Result "1/2-1/2"]
[WhiteElo "2258"]
[BlackElo "2451"]

1.d4 e6 2.c4 Nf6 3.Nf3 b6 4.a3 Ba6 5.Qc2 Bb7 6.Nc3 c5 7.e4 cxd4 8.Nxd4 d6
9.Be2 a6 10.Be3 Qc7 11.f4 Nbd7 12.O-O-O Rc8 13.g4 h5 14.h3 e5 15.Nf3 exf4
16.Bxf4 Ne5 17.g5 Nfd7 18.Kb1 g6 19.Rd4 Be7 20.Qd1 Kf8 21.Nd2 Kg7 22.Nf1 Rhd8
23.Ne3 Nc5 24.Ncd5 Bxd5 25.cxd5 b5 26.Rg1 Qb6 27.Nf5+ gxf5 28.exf5 Re8 29.f6+ Kf8
30.fxe7+ Rxe7 31.Rf1 Ng6 32.Bxh5 Kg7 33.Bh2 Rce8 34.Bxg6 fxg6 35.Qf3 Re1+
36.Rxe1 Rxe1+ 37.Ka2 Nd7 38.Qc3 Ne5 39.Rh4 Re2 40.Bxe5+ dxe5 41.Qc6 Qxc6
42.dxc6 Rc2 43.Re4 Rxc6 44.Rxe5 Kf7 45.Kb3 Rc4 46.Re3 Rh4 47.Rf3+ Ke7 48.Rf6 a5
49.Rxg6 Rxh3+ 50.Ka2 Rg3 51.a4 bxa4 52.Rc6  1/2-1/2

[Event "FSGM February"]
[Site "Budapest HUN"]
[Date "2004.02.10"]
[Round "4"]
[White "Szeberenyi,A"]
[Black "Nguyen Ngoc Truongson"]
[Result "1/2-1/2"]
[WhiteElo "2450"]
[BlackElo "2436"]

1.d4 Nf6 2.c4 e6 3.Nf3 b6 4.a3 Bb7 5.Nc3 d5 6.Bg5 Be7 7.Bxf6 Bxf6 8.cxd5 exd5
9.Qb3 O-O 10.Rd1 Re8 11.e3 c6 12.Bd3 Na6 13.O-O Nc7 14.Rfe1 Ne6 15.Bb1 g6
16.Ba2 Qc7 17.e4 Rad8 18.Qa4 a6 19.exd5 b5 20.dxe6 bxa4 21.exf7+ Kf8 22.fxe8=R+ Rxe8
23.Rxe8+ Kxe8 24.Re1+ Kf8 25.Nxa4 Bc8 26.Nc5 Kg7 27.g3 Qb6 28.b4 a5 29.Be6 axb4
30.axb4 Ba6 31.Kg2 g5 32.h3 h6 33.g4 Bb5 34.Bb3 Qb8 35.Re6 Qf4 36.Nd7 Bf1+
37.Kxf1 Qxf3 38.Re3 Qh1+ 39.Ke2 Qa1 40.Rf3 Bxd4 41.Rf7+ Kh8 42.Rf8+ Kh7 43.Rf7+ Kh8
44.Rf8+ Kh7 45.Rf7+ Kh8  1/2-1/2

[Event "AS04 Centenary"]
[Site "Copenhagen DEN"]
[Date "2004.02.10"]
[Round "4"]
[White "Jakobsen,O"]
[Black "Rozentalis,E"]
[Result "0-1"]
[WhiteElo "2388"]
[BlackElo "2625"]

1.d4 Nf6 2.c4 e6 3.Nf3 b6 4.a3 Bb7 5.Nc3 d5 6.cxd5 exd5 7.g3 Bd6 8.Bg2 O-O
9.O-O Nbd7 10.Bf4 Bxf4 11.gxf4 Ne4 12.Rc1 Ndf6 13.Ne5 Nxc3 14.Rxc3 Ne4 15.Rc2 f6
16.Nd3 a5 17.Qc1 Rf7 18.f5 Nd6 19.Qf4 Qd7 20.Rfc1 c6 21.Bh3 Re7 22.Qf3 Nf7
23.Nf4 Ng5 24.Qg2 Qd6 25.e3 c5 26.Ne2 Nxh3+ 27.Qxh3 c4 28.Ng3 b5 29.Ra1 Rc8
30.Qf1 b4 31.axb4 axb4 32.Qe1 Rec7 33.Kg2 Rb8 34.Rcc1 Bc8 35.Qd1 Bd7 36.Qf3 c3
37.bxc3 b3 38.Rab1 b2 39.Rc2 Rcb7 40.Nh5 Kf8 41.Ng3 Qa6 42.Nh5 Be8 43.Nf4 Qa2
44.Ne6+ Kg8  0-1

[Event "AS04 Centenary"]
[Site "Copenhagen DEN"]
[Date "2004.02.13"]
[Round "7"]
[White "Kongsted,C"]
[Black "Jensen,So"]
[Result "1-0"]
[WhiteElo "2258"]
[BlackElo "2109"]

1.d4 Nf6 2.c4 e6 3.Nf3 b6 4.a3 d5 5.Nc3 Bb7 6.cxd5 Nxd5 7.Qc2 Nxc3 8.bxc3 Be7
9.e4 O-O 10.Bd3 c5 11.O-O Qc8 12.Qa2 cxd4 13.cxd4 Ba6 14.Bxa6 Nxa6 15.Qe2 Rd8
16.Bb2 Qb7 17.Rad1 Bf6 18.Rd3 Rd7 19.Rfd1 Rad8 20.h4 Nb8 21.h5 h6 22.Nh2 Nc6
23.d5 Ne5 24.R3d2 exd5 25.f4 Nc4 26.Bxf6 gxf6 27.Rd3 b5 28.Ng4 Kg7 29.e5 f5
30.Nf6 Rc7 31.g4 Qc8 32.Rg3 d4 33.gxf5+ Kh8 34.Qg4  1-0

[Event "FSGM February"]
[Site "Budapest HUN"]
[Date "2004.02.14"]
[Round "8"]
[White "Szeberenyi,A"]
[Black "Porat,S"]
[Result "1/2-1/2"]
[WhiteElo "2450"]
[BlackElo "2386"]

1.d4 Nf6 2.Nf3 e6 3.c4 b6 4.a3 Bb7 5.Nc3 d5 6.Bg5 Be7 7.Bxf6 Bxf6 8.cxd5 exd5
9.Qb3 O-O 10.Rd1 Re8 11.e3 c6 12.Bd3 Na6 13.O-O c5 14.Qc2 g6 15.Bb5 Re7 16.Qa4 cxd4
17.Bxa6 Bxa6 18.Nxd5 Qxd5 19.Qxa6 Qb3 20.Nxd4 Bxd4  1/2-1/2

[Event "TCh-BEL2 2003-4"]
[Site "Belgium BEL"]
[Date "2004.02.15"]
[Round "9"]
[White "Lacrosse,M"]
[Black "Daels,M"]
[Result "1-0"]
[WhiteElo "2235"]
[BlackElo "2235"]

1.d4 Nf6 2.c4 e6 3.Nf3 b6 4.a3 Bb7 5.Nc3 d5 6.cxd5 exd5 7.Qa4+ c6 8.g3 Be7
9.Bg2 O-O 10.Bf4 Nh5 11.Bd2 Nd7 12.Rd1 Bd6 13.O-O Re8 14.Rfe1 Ndf6 15.Nh4 Bc7
16.Qc2 g6 17.Bg5 Qd6 18.f3 Nxg3 19.hxg3 Nh5 20.f4 Nxg3 21.e4 dxe4 22.Qf2 Nh5
23.Nxe4 Qf8 24.Nf6+ Nxf6 25.Bxf6 Rxe1+ 26.Rxe1 Re8 27.Nf5 Rxe1+ 28.Qxe1 h5
29.Qh4 Qb8 30.Nh6+ Kh7 31.Nxf7 Bxf4 32.Be4 Be3+ 33.Kg2 Qf4 34.Qxh5+ Kg8 35.Qh8+  1-0

[Event "5th Montenegro Open"]
[Site "Sozina SCG"]
[Date "2004.02.18"]
[Round "1"]
[White "Nestorovic,De"]
[Black "Vranesevic,D"]
[Result "1-0"]
[WhiteElo "2401"]
[BlackElo "2023"]

1.d4 Nf6 2.c4 e6 3.Nf3 b6 4.a3 Ba6 5.Qa4 c5 6.d5 Bb7 7.dxe6 fxe6 8.g3 Be7
9.Bg2 O-O 10.O-O Qe8 11.Nc3 Bc6 12.Qc2 Qh5 13.h3 a6 14.a4 Ra7 15.Bf4 Bxf3
16.exf3 Nc6 17.Qd1 Ne8 18.Be3 Ne5 19.Nd5 Bd8 20.Nf4 Qf7 21.b3 Bc7 22.a5 d6
23.axb6 Bxb6 24.h4 Nc7 25.Qxd6 Nd7 26.Bh3  1-0

[Event "Aeroflot Open"]
[Site "Moscow RUS"]
[Date "2004.02.20"]
[Round "4"]
[White "Tregubov,P"]
[Black "Shariyazdanov,A"]
[Result "1-0"]
[WhiteElo "2628"]
[BlackElo "2581"]

1.d4 Nf6 2.Nf3 e6 3.c4 b6 4.a3 Ba6 5.Qc2 Bb7 6.Nc3 c5 7.e4 cxd4 8.Nxd4 d6
9.Be2 Be7 10.Be3 a6 11.f4 Nbd7 12.f5 e5 13.Nb3 Rc8 14.a4 O-O 15.O-O b5 16.axb5 axb5
17.Na5 Ba8 18.cxb5 Nxe4 19.Nc6 Bxc6 20.bxc6 Nxc3 21.Qxc3 d5 22.Qa5 Rxc6 23.Qxd5 Rc2
24.Bf3 Bc5 25.Bxc5 Rxc5 26.Qd6 Rb5 27.b4 Nf6 28.Qxd8 Rxd8 29.Rfb1 Kf8 30.Bc6 Rb6
31.b5 Rdb8 32.Rd1 g6 33.Rf1 Kg7 34.Ra6 Ng8 35.Ra7 Nf6 36.Ra6 Ng8 37.Ra7 Nf6
38.fxg6 hxg6 39.g4 Rf8 40.g5 Nh5 41.Re1 Nf4 42.Rxe5 Rh8 43.Kf1 Nh3 44.Ra6 Rbb8
45.b6 Rhc8 46.Bd7 Rc1+ 47.Ke2 Rc3 48.Kd2 Rb3 49.Kc2 R3xb6 50.Rxb6 Rxb6 51.Bxh3 Ra6
52.Kb3 f6 53.gxf6+ Rxf6 54.Bg4 Rc6 55.h3 Kf6 56.Rb5 Rc1 57.Ra5 Rc7 58.Kb2 Rc4
59.Rd5 Rc7 60.Rb5 Rc4 61.Ra5 Rc7 62.Bd1 Rh7 63.Ra3 Kg5 64.Kc2 Rd7 65.Bg4 Rd6
66.Kc3 Rd8 67.Kc4 Kh4 68.Kc5 Rd2 69.Kc6 Kg5 70.Kc7 Kf6 71.Bd7 Re2 72.Kd8 Kf7
73.Rf3+ Kg7 74.Bg4 Re5 75.Kd7 Re1 76.Kd6 Kh6 77.Rg3 Kg5 78.Be6+ Kf6 79.Rf3+ Kg7
80.Kd5 Rd1+ 81.Ke5 Re1+ 82.Kd6 Kh6 83.Bg4 Kg7 84.Be6 Kh6 85.Ke7 Kg7 86.Rf7+ Kh6
87.Rf8 Kg7 88.Rg8+ Kh7 89.Ra8 Kg7 90.Ra7 Kh6 91.Kf7 Rb1 92.Ra4 Rf1+ 93.Kg8 Rb1
94.Rh4+ Kg5 95.Rg4+ Kh6 96.Bd5 Rb5 97.Be4 Rg5 98.Kf7 Rb5 99.Kg8  1-0

[Event "ch-CZE"]
[Site "Karlovy Vary CZE"]
[Date "2004.02.23"]
[Round "7"]
[White "Voloshin,L"]
[Black "Navara,D"]
[Result "1/2-1/2"]
[WhiteElo "2522"]
[BlackElo "2604"]

1.d4 Nf6 2.Nf3 e6 3.c4 b6 4.a3 Bb7 5.Nc3 d5 6.cxd5 Nxd5 7.Qc2 Be7 8.Bd2 c5
9.e4 Nxc3 10.Bxc3 cxd4 11.Bb5+ Nd7 12.Nxd4 a6 13.Bc6 Qc7 14.Bxb7 Qxb7 15.O-O O-O
16.Nb3 Rac8 17.Qe2 Rfd8 18.Rfd1 Nf6 19.f3 Ne8 20.Rxd8 Rxd8 21.Rd1 Rxd1+ 22.Qxd1 Nd6
23.Qd4 Bf8 24.Qd3 Qc8 25.g3 Nc4 26.Kg2 b5 27.Nd2 Nxd2 28.Bxd2  1/2-1/2

[Event "ch-TUR"]
[Site "Kusadasi TUR"]
[Date "2004.03.01"]
[Round "4"]
[White "Guner,B"]
[Black "Kemaloglu,Y"]
[Result "1/2-1/2"]
[WhiteElo "2195"]
[BlackElo "2087"]

1.Nf3 Nf6 2.c4 e6 3.d4 b6 4.a3 Bb7 5.Nc3 d5 6.Bg5 Be7 7.e3 O-O 8.Bd3 Nbd7
9.O-O c5 10.Qe2 Ne4 11.Bxe7 Qxe7 12.cxd5 exd5 13.Rac1 f5 14.Bb5 Rf6 15.Bxd7 Qxd7
16.dxc5 bxc5 17.Rfd1 Rd8 18.Ne5  1/2-1/2

[Event "ch-TUR"]
[Site "Kusadasi TUR"]
[Date "2004.03.02"]
[Round "6"]
[White "Bayram,Y"]
[Black "Asilkefeli,M"]
[Result "1-0"]
[WhiteElo "2292"]
[BlackElo "2126"]

1.d4 Nf6 2.c4 e6 3.Nf3 b6 4.a3 Bb7 5.Nc3 d5 6.cxd5 Nxd5 7.Bd2 Be7 8.Qc2 Nd7
9.e4 N5f6 10.O-O-O c5 11.d5 exd5 12.exd5 O-O 13.Bf4 Re8 14.Bc4 Nh5 15.Be3 Bd6
16.Ng5 Nhf6 17.Rhe1 Ne5 18.Nce4 Nxe4 19.Qxe4 Ng6 20.Qf3 Qc7 21.Qh5 h6 22.Ne6 fxe6
23.Qxg6 exd5 24.Rxd5 Bxd5 25.Bxd5+ Kh8 26.Bxa8 Rxa8 27.Bxh6 Bf4+ 28.Bxf4 Qxf4+
29.Re3 Rd8 30.Qe4 Rd4 31.Qxf4 Rxf4 32.f3 Rh4 33.h3 Ra4 34.Kc2 Kh7 35.Re4 Rxe4
36.fxe4 b5 37.Kd3 Kg6 38.Ke3 Kf6 39.Kf4 Ke6 40.h4 c4 41.h5 a5 42.g4 b4 43.axb4 axb4
44.Ke3 c3 45.Kd3 cxb2 46.g5  1-0

[Event "70th ch-BLR"]
[Site "Minsk BLR"]
[Date "2004.03.04"]
[Round "1"]
[White "Tihonov,J"]
[Black "Zhigalko,S"]
[Result "1/2-1/2"]
[WhiteElo "2443"]
[BlackElo "2493"]

1.d4 Nf6 2.c4 e6 3.Nf3 b6 4.a3 Ba6 5.Qc2 Bb7 6.Nc3 c5 7.e4 cxd4 8.Nxd4 d6
9.Be2 Be7 10.O-O a6 11.Rd1 Nbd7 12.Be3 O-O 13.Rac1 Rc8 14.f4 Qc7 15.Qb1 Qb8
16.f5 e5 17.Nb3 b5 18.cxb5 axb5 19.Na5 Ba8 20.Nd5 Nxd5 21.exd5 Nf6 22.Nc6 Bxc6
23.Rxc6 Rxc6 24.dxc6 d5 25.Qd3 Qc7 26.Rc1 Rc8 27.Bg5 Qa7+ 28.Qe3 Qc7 29.Qd3 Qa7+
30.Qe3 Qc7 31.Qd3  1/2-1/2

[Event "ch-PER"]
[Site "Lima PER"]
[Date "2004.03.05"]
[Round "1.2"]
[White "Lopez,Dan"]
[Black "Cordova,Em"]
[Result "0-1"]
[WhiteElo "2200"]
[BlackElo "2298"]

1.d4 e6 2.Nf3 Nf6 3.c4 b6 4.a3 c5 5.g3 cxd4 6.Bg2 Bb7 7.O-O Qc7 8.Qxd4 Nc6
9.Qd3 Na5 10.b3 d5 11.cxd5 Bxd5 12.Bf4 Bd6 13.Rc1 Qd7 14.Bxd6 Qxd6 15.Nbd2 Rd8
16.b4 Nc6 17.Qc2 Ne5 18.Nxe5 Qxe5 19.e4 Ba8 20.Nc4 Qb8 21.e5 Nd7 22.Nd6+ Kf8
23.f4 g5 24.Qc7 gxf4 25.Bxa8 Qxa8 26.Nc8 Kg7 27.Nxa7 Qd5 28.Nc6 fxg3 29.Nxd8 Qd4+
30.Kg2 Qf2+ 31.Kh3 Qxh2+ 32.Kg4 h5+ 33.Kf3 Qf2+ 34.Ke4 Qe2+ 35.Kd4 Rxd8 36.Qxd8 Qd2+
37.Ke4 f5+  0-1

[Event "ch-TUR"]
[Site "Kusadasi TUR"]
[Date "2004.03.06"]
[Round "10"]
[White "Demirel,T"]
[Black "Acuner,E"]
[Result "1-0"]
[WhiteElo "2183"]
[BlackElo "1878"]

1.d4 Nf6 2.c4 e6 3.Nf3 b6 4.a3 Bb7 5.Nc3 d6 6.d5 e5 7.e4 Nbd7 8.b4 g6 9.g3 Bg7
10.Bg2 O-O 11.O-O Qe7 12.Qc2 c5 13.dxc6 Bxc6 14.Rd1 Rfd8 15.h3 Ne8 16.Be3 Rac8
17.Qd3 Nf8 18.Rac1 Ne6 19.Kh2 Bf8 20.Nd5 Bxd5 21.cxd5 N6g7 22.Qa6 Rc7 23.Rc6 Rb7
24.Rdc1 Rdb8 25.Qc4 Qd8 26.h4 f5 27.Bh3 Qf6 28.Qc2 Be7 29.Rc8 Qf7 30.Bf1 Bf6
31.Rc6 Qe7 32.Ba6 Rd7 33.Bc8 Rd8 34.exf5 e4 35.Ng5 gxf5 36.Ne6 Nxe6 37.Bxe6+ Kh8
38.Bxf5 Bxh4 39.Qxe4 Qxe4 40.Bxe4 Bf6 41.a4 Bg7 42.Bf5 Nf6 43.Be6 h6 44.b5 Ne4
45.Rc7 Rf8 46.Rxa7 Nc5 47.Rc4 Rfe8 48.Rxg7 Kxg7 49.Rg4+ Kh7 50.Bf5+ Kh8 51.Bd4+ Re5
52.f4 Rf8 53.fxe5  1-0

[Event "ch-PER"]
[Site "Lima PER"]
[Date "2004.03.07"]
[Round "3.2"]
[White "Salazar,C"]
[Black "Santivanez Montes,M"]
[Result "1/2-1/2"]
[WhiteElo "2181"]
[BlackElo "2235"]

1.d4 Nf6 2.Nf3 e6 3.c4 b6 4.a3 Bb7 5.Nc3 d5 6.Bg5 Be7 7.Bxf6 Bxf6 8.cxd5 exd5
9.Qb3 O-O 10.Rd1 Re8 11.g3 Nc6 12.Bg2 Na5 13.Qc2 Nc4 14.O-O g6 15.Nd2 Nxd2
16.Rxd2 Bg7 17.Qb3 c6 18.e4 Ba6 19.Rfd1 Bc4 20.Qc2 dxe4 21.Bxe4 Qd6 22.Bg2 Bd5
23.Bxd5 cxd5  1/2-1/2

[Event "TCh-BEL2 2003-4"]
[Site "Belgium BEL"]
[Date "2004.03.09"]
[Round "10"]
[White "De Haan,E"]
[Black "Bouhallel,R"]
[Result "1-0"]
[WhiteElo "2264"]
[BlackElo "2302"]

1.d4 Nf6 2.c4 e6 3.Nf3 b6 4.a3 Ba6 5.Qc2 Bb7 6.Nc3 c5 7.e4 cxd4 8.Nxd4 Bc5
9.Nb3 Nc6 10.Bg5 h6 11.Bh4 Be7 12.Be2 Rc8 13.Bg3 O-O 14.Rd1 e5 15.O-O Re8
16.Rd2 a6 17.Kh1 Bc5 18.f3 Nh5 19.Bf2 Bxf2 20.Rxf2 Nf4 21.Qd1 Nb8 22.Bf1 Ne6
23.Rd6 Qc7 24.Rfd2 Rcd8 25.R6d3 Nf4 26.Re3 Ne6 27.Nd5 Bxd5 28.cxd5 Nc5 29.Rc2 Qa7
30.Nd2 d6 31.b4 Na4 32.Qc1 b5 33.Nb3 Qd7 34.Ree2 Rc8 35.Na5 Kf8 36.g3 Nb6
37.h4 Rxc2 38.Rxc2 Rc8 39.Nc6 Nxc6 40.dxc6 Qc7 41.Kh2 Rd8 42.Qe3 Kg8 43.Be2 Rc8
44.Bd3 Qa7 45.Bf1 Qc7 46.Kh1 Qb8 47.Qd2 Qc7 48.Qd1 Rd8 49.Qe1 Kf8 50.Qf2 Kg8
51.Bd3 Rc8 52.Kh2 Qa7 53.f4 Rc7 54.fxe5 dxe5 55.Qc5 f6 56.Bf1 Nc8 57.Qd5+ Kh7
58.Bh3 Ne7 59.Qd6 Qb6 60.Bd7 h5 61.Qxe7  1-0

[Event "FSGM March"]
[Site "Budapest HUN"]
[Date "2004.03.12"]
[Round "7"]
[White "Szeberenyi,A"]
[Black "Nguyen Ngoc Truongson"]
[Result "0-1"]
[WhiteElo "2450"]
[BlackElo "2436"]

1.d4 Nf6 2.c4 e6 3.Nf3 b6 4.a3 c5 5.d5 Ba6 6.Qc2 exd5 7.cxd5 g6 8.Nc3 Bg7
9.g3 O-O 10.Bg2 d6 11.O-O Re8 12.Re1 Nbd7 13.h3 b5 14.e4 Qb6 15.Bf4 Nh5 16.Be3 Rac8
17.Ne2 Nhf6 18.Nd2 Bb7 19.g4 h6 20.Ng3 Qc7 21.a4 a6 22.axb5 axb5 23.Qb3 Rb8
24.Ra7 b4 25.Nc4 Nb6 26.Na5 Nc8 27.Rxb7 Rxb7 28.Nxb7 Qxb7 29.Ra1 Nd7 30.Nf1 Ncb6
31.Nd2 Ra8 32.Ra2 Ra7 33.Bf1 Qa8 34.Rxa7 Qxa7 35.f4 g5 36.fxg5 hxg5 37.Bxg5 Qa1
38.Bf4 Bxb2 39.Bxd6 Bd4+ 40.Kh1 Qe1 41.Qd3 b3 42.Nf3 Qc1 43.Nxd4 b2 44.Nb3 c4
45.Nxc1 cxd3 46.Ba3 b1=Q 47.Bxd3 Qa1  0-1

[Event "Dos Hermanas Internet Final"]
[Site "ICC INT"]
[Date "2004.03.13"]
[Round "2.1"]
[White "Riazantsev,A"]
[Black "Jedynak,R"]
[Result "1/2-1/2"]
[WhiteElo "2576"]
[BlackElo "2428"]

1.d4 e6 2.c4 Nf6 3.Nf3 b6 4.a3 Ba6 5.Qc2 Bb7 6.Nc3 c5 7.dxc5 bxc5 8.Bf4 Nh5
9.Bg3 Be7 10.e3 O-O 11.Be2 Nc6 12.O-O Nxg3 13.hxg3 d6 14.Rfd1 Qb6 15.Rd2 Rab8
16.Rad1 Ba8 17.Nb5 h6 18.Nxd6 Bxd6 19.Rxd6 Qxb2 20.Qxb2 Rxb2 21.Bd3 Rb3 22.Be4 Rb6
23.Bxc6 Bxc6 24.Ne5 Ba4 25.Rxb6 axb6 26.Rd6  1/2-1/2

[Event "TCh-SWE 2003-4"]
[Site "Goteborg SWE"]
[Date "2004.03.14"]
[Round "11"]
[White "Sandstrom,L"]
[Black "Schneider,LA"]
[Result "1/2-1/2"]
[WhiteElo "2357"]
[BlackElo "2385"]

1.d4 Nf6 2.Nf3 e6 3.c4 b6 4.a3 Bb7 5.Nc3 d5 6.Qc2 Be7 7.cxd5 exd5 8.g3 O-O
9.Bg2 Na6 10.O-O c5 11.Rd1 Qc8 12.Bf4 Re8 13.Be5 Ne4 14.Rac1 Qe6 15.Bf4  1/2-1/2

[Event "SFch-NED"]
[Site "Leeuwarden NED"]
[Date "2004.03.14"]
[Round "2.4"]
[White "Bosboom,M"]
[Black "Janssen,R"]
[Result "1-0"]
[WhiteElo "2419"]
[BlackElo "2489"]

1.d4 Nf6 2.c4 e6 3.Nf3 b6 4.a3 Bb7 5.Nc3 d5 6.cxd5 Nxd5 7.Qc2 Nxc3 8.bxc3 Be7
9.e4 O-O 10.Bd3 c5 11.O-O Qc7 12.Qe2 Nd7 13.Bd2 Rfd8 14.a4 c4 15.Bc2 e5 16.a5 b5
17.a6 Bc8 18.Be3 f6 19.Nh4 Nf8 20.f4 exd4 21.cxd4 b4 22.Rfc1 c3 23.Bb3+ Be6
24.d5 Bf7 25.Qf2 Rac8 26.Bxa7 Nd7 27.Nf5 Bc5 28.Bxc5 Qxc5 29.Bc2 Kf8 30.Rcb1 g6
31.Nd4 Nb6 32.a7 Na8 33.Ra6 f5 34.Nc6 Rxc6 35.Rxc6 Qe7 36.Qd4 Kg8 37.Qxb4 Qxa7+
38.Qc5 Qa2 39.Qxc3 fxe4 40.Bxe4 Bxd5 41.Ra1  1-0

[Event "FSGM March"]
[Site "Budapest HUN"]
[Date "2004.03.16"]
[Round "11"]
[White "Szeberenyi,A"]
[Black "Mahesh Chandran,P"]
[Result "1/2-1/2"]
[WhiteElo "2450"]
[BlackElo "2437"]

1.d4 Nf6 2.c4 e6 3.Nf3 b6 4.a3 Ba6 5.Qb3 d5 6.cxd5 exd5 7.Bg5 Be7 8.Nc3 c6
9.Bxf6 Bxf6 10.e4 Bxf1 11.Rxf1 dxe4 12.Nxe4 O-O 13.O-O-O Nd7 14.Ne5 Bxe5
15.dxe5 Qh4 16.f4 Nxe5 17.g3 Qh6 18.Rd6 Qh3 19.Rfd1 Ng6 20.Qc2 h6 21.Rxc6 Rac8
22.Nd6 Rxc6 23.Qxc6 Qxh2 24.Nf5 Qh5 25.Qd7 Qe2 26.Kb1 Re8 27.Qd4 Qe4+ 28.Qxe4 Rxe4
29.Rd8+ Nf8 30.Ra8 a5 31.Rb8 Re6 32.Nd4 Rf6 33.Nb5 g5 34.Nc3 Kg7 35.Nd5 Rd6
36.Ne3 Nd7 37.Rd8 Kf6 38.Nc4 Rd5 39.Ne5 Ke7 40.Nc6+ Kd6 41.Ne5 Kc7 42.Nxf7 gxf4
43.gxf4 Rd1+ 44.Kc2 Rf1 45.Rg8  1/2-1/2

[Event "21st Open"]
[Site "Reykjavik ISL"]
[Date "2004.03.16"]
[Round "9"]
[White "Krasenkow,M"]
[Black "Timman,J"]
[Result "0-1"]
[WhiteElo "2609"]
[BlackElo "2578"]

1.d4 Nf6 2.c4 e6 3.Nf3 b6 4.a3 Ba6 5.Qc2 Bb7 6.Nc3 c5 7.e4 cxd4 8.Nxd4 Bc5
9.Nb3 Nc6 10.Bg5 h6 11.Bh4 Nd4 12.Nxd4 Bxd4 13.O-O-O Be5 14.f3 O-O 15.Ne2 Rc8
16.Kb1 Qc7 17.Nc1 d5 18.exd5 Nxd5 19.Qf2 Bf4 20.Re1 Ne7 21.Bd3 Rfd8 22.Qe2 Rd7
23.Rd1 Nf5 24.Bxf5 exf5 25.Bg3 Bxg3 26.Rxd7 Qxd7 27.hxg3 Qc7 28.Rd1 a5 29.Na2 Qxg3
30.Nc3 Bc6 31.Nd5 Re8 32.Qd2 b5 33.cxb5 Bxb5 34.Nf4 Ba4 35.Rc1 Bb3 36.a4 Bxa4
37.Ka2 Qg5 38.Rc5 Rb8 39.Qd6 Bb3+ 40.Ka3 Rd8 41.Qc7 a4 42.Rxf5 Qxf5 43.Qxd8+ Kh7
44.Qd6 h5 45.Kb4 Qg5 46.Qd3+ g6 47.Qd6 Kg7 48.Qd4+ Qf6 49.Qc3 h4 50.Nh3 Qxc3+
51.bxc3 Kf6 52.c4 Ke5 53.c5 Bc2 54.Nf2 Kd5 55.Ng4 Bf5 56.Ne3+ Kc6 57.Nc4 Be6
58.Ne5+ Kd5 59.f4 a3 60.Kxa3 Kxc5 61.Nf3 Bg4 62.Ne5 Be6 63.Nf3 Kc4 64.Nxh4 Bg4  0-1

[Event "TCh-AUT 2003-4"]
[Site "Jenbach AUT"]
[Date "2004.03.18"]
[Round "8"]
[White "Lehner,O"]
[Black "Hoelzl,F"]
[Result "1-0"]
[WhiteElo "2404"]
[BlackElo "2361"]

1.d4 Nf6 2.c4 e6 3.Nf3 b6 4.a3 d5 5.Nc3 Be7 6.Qc2 c5 7.cxd5 exd5 8.Bg5 O-O
9.Rd1 Be6 10.g3 Nc6 11.dxc5 bxc5 12.Bg2 Rb8 13.O-O d4 14.Rd2 Bb3 15.Qb1 Qb6
16.Ne4 Nxe4 17.Qxe4 f6 18.Bf4 Rbe8 19.Nh4 Na5 20.Qf5 Rf7 21.Qh5 Bf8 22.Rd3 g6
23.Nxg6 hxg6 24.Qxg6+ Bg7 25.Rc1 f5 26.Qh5 Be6 27.b4 Nb3 28.Rxb3 Bxb3 29.bxc5 Qe6
30.c6 Bd5 31.Bxd5 Qxd5 32.c7 Rc8 33.h4 Kf8 34.a4 Be5 35.Qh6+ Ke7 36.Qa6 Qe6
37.Rc6 Qd7 38.Bxe5 f4 39.Qc4 fxg3 40.Bd6+ Ke8 41.Bxg3 Kf8 42.Qc5+ Kg8 43.Rd6 Qg4
44.Rd8+  1-0

[Event "14th Asian Cities"]
[Site "Tagaytay City PHI"]
[Date "2004.03.22"]
[Round "2"]
[White "Jones,L"]
[Black "Taleb,M"]
[Result "0-1"]
[WhiteElo "2192"]
[BlackElo "2454"]

1.d4 Nf6 2.c4 e6 3.Nf3 b6 4.a3 Bb7 5.Nc3 d5 6.Qa4+ c6 7.cxd5 exd5 8.Bg5 Be7
9.e3 O-O 10.Bd3 h6 11.Bf4 c5 12.O-O c4 13.Bb1 a6 14.Qc2 b5 15.Ne5 Nbd7 16.Qf5 Re8
17.f3 Bf8 18.Ne2 Bc8 19.Qc2 Qb6 20.Kh1 Bd6 21.Ng4 Bb7 22.Qf5 Bxf4 23.Nxf4 Kf8
24.Ne5 Nxe5 25.dxe5 Bc8 26.e6 Bxe6 27.Nxe6+ Qxe6 28.Qf4 Qxe3 29.Qd6+ Qe7
30.Qg3 Rad8 31.Bc2 Qe5  0-1